Longbridge Road Estate, Barking, Essex (Record no. 116693)

MARC details
000 -LEADER
fixed length control field 00493cam a22001935a 4500
001 - CONTROL NUMBER
control field L141262
008 - FIXED-LENGTH DATA ELEMENTS--GENERAL INFORMATION
fixed length control field 071108s1898 xxk eng u
035 ## - SYSTEM CONTROL NUMBER
System control number (Sirsi) u141262
041 0# - LANGUAGE CODE
Language code of text/sound track or separate title eng
110 2# - MAIN ENTRY--CORPORATE NAME
Corporate name or jurisdiction name as entry element Savery and Stevens
9 (RLIN) 5447
245 00 - TITLE STATEMENT
Title Longbridge Road Estate, Barking, Essex
Remainder of title abstract of title
260 ## - PUBLICATION, DISTRIBUTION, ETC.
Place of publication, distribution, etc. London
Name of publisher, distributor, etc. Savery and Stevens
Date of publication, distribution, etc. 1898
300 ## - PHYSICAL DESCRIPTION
Extent 24 p.
Dimensions 32 cm.
340 ## - PHYSICAL MEDIUM
Material base and configuration Printed
351 ## - ORGANIZATION AND ARRANGEMENT OF MATERIALS
Hierarchical level Single item
651 4# - SUBJECT ADDED ENTRY--GEOGRAPHIC NAME
Geographic name Essex
690 ## - LOCAL SUBJECT ADDED ENTRY--TOPICAL TERM (OCLC, RLIN)
Topical term or geographic name as entry element PROPERTY
942 ## - ADDED ENTRY ELEMENTS (KOHA)
Suppress in OPAC 0
Holdings
Withdrawn status Lost status Source of classification or shelving scheme Damaged status Not for loan Home library Current library Shelving location Date acquired Total Checkouts Full call number Barcode Date last seen Copy number Price effective from Koha item type
    Dewey Decimal Classification     London London Basement 08/11/2007   BASEMENT BOX 4 141262-1001 06/08/2019 1 06/08/2019 Archive